000 00576nam a2200217 a 4500
001 82895
003 BD-RjUL
005 20240201113630.0
008 240201s1911 enk||||| |||| 00| 0 eng d
035 _a(BD-RjUL)82895
040 _aBD-RjUL
_beng
_cBD-RjUL
041 _aeng
082 _223
_a823.912
_bSAL 1911
100 _aSabatini, Rafael
_911338
245 _aThe lion's skin :
_ba romance /
_cRafael Sabatini
260 _aLondon :
_bStanley Paul & Co.,
_c1911
300 _a311 pages ;
_c 20 cm
650 _aEnglish Fiction
650 _aRomans
942 _2ddc
_cBK
999 _c82895
_d82895